| 000 | 00931cam a22003015a 4500 | ||
|---|---|---|---|
| 005 | 20171213105947.0 | ||
| 008 | 081030s2007 mauad frb 001 0ceng d | ||
| 010 | _a 2006002008 | ||
| 020 | _a032141506X | ||
| 020 | _a9780321415066 | ||
| 022 | _a032141506x | ||
| 035 | _a(OCoLC)ocm62796197 | ||
| 040 |
_aEG-ScBUE _beng _cEG-ScBUE |
||
| 082 | 0 | 4 |
_a005.74 _bELM _222 |
| 100 | 1 |
_aElmasri, Ramez. _94302 |
|
| 245 | 1 | 0 |
_aFundamentals of database systems / _cRamez Elmasri, Shamkant B. Navathe. |
| 246 | 3 | 0 | _aDatabase systems |
| 250 | _a5th ed., International ed. | ||
| 260 |
_aBoston : _bPearson / Addison Wesley, _cc.2007. |
||
| 300 |
_axxviii, 1123 p. : _bill (col.) ; _c24 cm. |
||
| 500 | _aindex 1081-1123. | ||
| 504 | _aBibliography 1051-1079. | ||
| 650 | 7 |
_aDatabase management. _2BUEsh _94303 |
|
| 651 | _2BUEsh | ||
| 653 |
_bCOMSCI _cAugust2015 |
||
| 700 | 1 |
_aNavathe, shamkant B. _94304 |
|
| 942 | _2ddc | ||
| 999 |
_c2385 _d2385 |
||